01439nam a2200337 a 4500001001200000003000800012006001900020007001500039008004100054020001800095020002700113020002700140020002700167040002100194035002100215050002600236082002200262100002500284245014300309260005200452300005900504500002000563533015200583588009600735630003600831650004500867655002900912700001700941710001700958856012600975ebr10719158CaPaEBRm o u cr cn|||||||||150303s2013 enkad s 001 0 eng d z9780470686829 z9781118537695 (e-book) z9781118537701 (e-book) z9781118537688 (e-book) aCaPaEBRcCaPaEBR a(OCoLC)82519815014aHD9560.5b.K37 2013eb04a665.50285/5542231 aKasriel, Ken,d1965-10aUpstream petroleum fiscal and valuation modeling in Excelh[electronic resource] :ba worked examples approach /cKen Kasriel, David Wood. aChichester, West Sussex, U.K. :bWiley,cc2013. a1 online resource (xv, 353 p.) :bill., chart, graphs. aIncludes index. aElectronic reproduction.bPalo Alto, Calif. :cebrary,d2015.nAvailable via World Wide Web.nAccess may be limited to ebrary affiliated libraries. aDescription based on online resource; title from title page (ebrary, viewed June 20, 2013).00aMicrosoft Excel (Computer file) 0aPetroleum industry and tradexValuation. 7aElectronic books.2local1 aWood, David.2 aebrary, Inc.40uhttp://site.ebrary.com/lib/rucke/Doc?id=10719158zAn electronic book accessible through the World Wide Web; click to view